000 00504nam a2200217Ia 4500
003 OSt
005 20221005121209.0
006 a|||||r|||| 00| 0
007 ta
008 221004b |||||||| |||| 00| 0 eng d
024 _a116654
037 _cTextual
040 _aCRL
_cCRL
_beng
041 _2eng
_aeng
100 _aHockin Thomas A
_9630237
245 0 _aGovernment in Canada
260 _c1975
650 _aHISTORY
942 _cTEXL
_2cc
999 _c1040433
_d1040433